00857cam a2200193 a 450000100100000000500170001000800410002704000320006808200200010010000250012024501170014526000540026230000210031665000340033765000370037195201170040895201230052599900150064800000860420200929161354.0020806s2002 xxu 000 0 spa  aDO-SdBNPbspacBNPHUdBNPHU aPR863.44bL951c1 aLugo, Daniel.92303313aEl cano de Bonneville :bjuego a nueve entradas y un juicio 2 de marzo del 2002, Los Angeles, Ca /cDaniel Lugo. aLos Angeles :bSociedad de Autores Libres,c2002. a224 p. ;c19 cm. 4aNovela puertorriqueña91185 4aLiteratura puertorriqueña9250 001050718MOaGRbGRcHDd2009-09-17iLF1l0oPR863.44 L951cp8604-10r2020-06-25w2020-06-25y1ZNo se presta 001150718MOaGRbGRcMId2017-05-29iLF1l0oPR863.44 L951cp8604-20r2020-06-25te. 2w2020-06-25y1ZNo se presta c8374d8374